000 01070nam a2200265 a 4500
001 14164147
008 181017s2006 ||||||||||||||||| || u
010 _a2005031921
020 _a0471206911 (cloth : alk. paper)
020 _a9780471206910
050 _aTD 769 Ger
100 _aGerardi, Michael H
245 1 0 _aWastewater bacteria
_cby Michael H. Gerardi
260 _aHoboken, N.J.:
_bJohn Wiley & Sons
_c2006
300 _ax, 255 pages: illustration
350 _a77.95
490 _aWastewater microbiology series
500 _aIncludes bibliographical references (p. 235-237) and index
650 0 _aSEWAGE SLUDGE DIGESTION
650 0 _aANAEROBIC BACTERIA
856 _uhttp://www.loc.gov/catdir/enhancements/fy0740/2005031921-b.html
856 _uhttp://www.loc.gov/catdir/toc/ecip063/2005031921.html
856 _uhttp://www.loc.gov/catdir/enhancements/fy0659/2005031921-d.html
995 _FCBU-MAIN LIBRARY (Kitwe)
_I77.95
_M1
_UAVAILABLE
_WOct 17, 2018
_ZMain Library Open Access Collection
999 _c61444
_d61444